000 00999nam a22002537a 4500
999 _c991
_d991
001 000828
003 CoMeUDC000828
005 20190125000303.0
008 981113s1994 ck a r 10010 spa d
015 _ack-1994-xxxx
035 _aAGL0212 LA
040 _ala
_cCoMeUDC
041 0 _aspa
082 0 4 _a510
_bE74
_220 ed.
111 _aEscuela de Verano en Geometría Diferencial, Análisis Numérico y Ecuaciones Diferenciales Parciales
_d(1994 Jul. 25-Ags. 6 :
_cMedellín)
_91382
245 1 0 _aMemorias de la Escuela de Verano en Geometría Diferencial, Análisis Numérico y Ecuaciones Diferenciales Parciales /
_cUniversidad Nacional de Colombia. Sede Medellín ; editor Jorge Cossio B.
260 _aMedellín :
_bUniversidad Nacional de Colombia,
_c1994.
300 _a275 p. :
_bil., diagrs. ;
_c24 cm.
650 0 _aGeometría diferencial.
_91383
650 _aEcuaciones diferenciales.
700 1 _aCossio B., Jorge,
_eed.
942 _2ddc
_cBK
949 _ac
_bn